INTEREKOTECHNIKA '81 znižovanie obsahu škodlivín v ovzduší

Enregistré dans:
Détails bibliographiques
Format: Livre
Langue:slovaque
Publié: Bratislava Dom techniky ČSVTS 1981
Tags: Ajouter un tag
Pas de tags, Soyez le premier à ajouter un tag!

MARC

LEADER 00000nam a2200000 4500
001 c126739
005 20221220103534.8
041 0 |a slo 
044 |a SK 
245 1 0 |a INTEREKOTECHNIKA '81  |b znižovanie obsahu škodlivín v ovzduší 
264 1 |a Bratislava  |b Dom techniky ČSVTS  |c 1981 
300 |a 161 s.